Regions of Gaza on Map - Statistics

General Stats
  • This quiz has been taken 249 times
  • The average score is 3 of 5
Answers on the Map
Answers color-coded by a green-red scale on the quiz's map according to % correct below.
 
Answer Stats
Governates % Correct
Gaza
93%
Rafah
78%
Khan Yunis
72%
North Gaza
41%
Deir al Balah
23%
No matching quizzes found
Score Distribution
Percent of People with Each Score
Percentile by Number Answered
Your Score History
You have not taken this quiz